| 000 | 00529nam a2200169 4500 | ||
|---|---|---|---|
| 001 | 117512 | ||
| 003 | ES-MaACL | ||
| 005 | 20230906190923.0 | ||
| 007 | t| | ||
| 008 | 070214s1973 sp r ||||1| spa d | ||
| 100 | 1 |
_aPanofsky, Erwin. _988811 |
|
| 245 | 1 | 3 |
_aLa perspectiva como `forma simbólica` / _cErwin Panofsky ; traducción de Virginia Careaga. |
| 260 |
_aBarcelona : _bTusquets, _c1973. |
||
| 300 |
_a123 p., 11 lám. : _bil. ; _c18 cm. |
||
| 700 | 1 |
_aCareaga, Virginia. _935221 |
|
| 852 |
_aES-MaACL _jC-54610 _bR.87092 |
||
| 999 |
_c117512 _d117512 |
||